LEADER 01588nam a2200325 u 4500 001 000000023302 003 CaOOAMICUS 005 20070226111225.0 008 950428m17511755xx u000 u fre u 035 $a10585703 040 $aPUL(R)$bita 041 1 $afre$hger 110 1 $aPrussia.$0(OLS)http://pul/name/19667 245 10$aCode Frédéric, ou Corps de droit pour les états de sa majesté le roi de Prusse ... /$ctraduit de l'allemand par A. A. de C. .. 246 30$aCorps de droit pour les états de sa majesté le roi de Prusse .. 260 $a[S. l. :$bs. n.],$c1751-1755. 300 $a3 v. ;$c19 cm 500 $aFront. in rosso e nero. 500 $aContiene indici. 850 $aPUL 852 $aPUL$W1$xDP1 Antico 700$y26$m182 E 52-54$j32681$nBK-PRI$b $qStampati Antico$B32681$CPULBib$Z2$F32681 $H $81 852 $aPUL$W1$xDP1 Antico 700$y26$m182 E 52-54$j32681$nBK-PRI$b $qStampati Antico$B32682$CPULBib$Z2$F32682 $H $81 852 $aPUL$W1$xDP1 Antico 700$y26$m182 E 52-54$j32681$nBK-PRI$b $qStampati Antico$B32683$CPULBib$Z2$F32683 $H $81 941 1 $a15 961 $aINV: S.A. 961 $aINV: S.A. 961 $aINV: S.A. 996 $6245$aCode Frédéric, ou Corps de droit pour les états de sa majesté le roi de Prusse ...$9(OLS)http://pul/title/32408 996 $6246$aCorps de droit pour les états de sa majesté le roi de Prusse ..$9(OLS)http://pul/title/32409 996 $6260$a[S. l. :$bs. n.]$9(OLS)http://pul/publisher/47882 LEADER 01657nam a2200337 u 4500 001 000000063763 003 CaOOAMICUS 005 20100111174825.0 008 011107s1995 gw cf u000 u lat u 020 $a3402031671 035 $a10909051 040 $aPUL(R)$bita$dMCT 041 0 $alat$ager 100 1 $aLangton, Stephen,$ccard.,$dc. 1150-1228.$0(OLS)http://pul/name/16558 240 10$aCommentarius in Sententias$9(Langton, Stephen, card., m. 1228).$0(OLS)http://pul/title/26540 245 14$aDer Sentenzenkommentar des Kardinals Stephan Langton /$cherausgegeben von Artur Michael Landgraf. 260 $aMünster :$bAschendorff,$c1995. 300 $axxxix, 158 p., [1] c. di tav. :$britr. ;$c24 cm 490 1 $aBeiträge zur Geschichte der Philosophie und Theologie des Mittelalters ;$vBd. 37, Heft 1 500 $aComprende indici. 650 4$aFilosofia medievale.$0(OLS)http://pul/subject/139 700 1 $aLandgraf, Artur Michael,$cvesc. tit. di Eudocia,$d1895-1958.$0(OLS)http://pul/name/14530 830 0$aBeiträge zur Geschichte der Philosophie und Theologie des Mittelalters ;$vBd. 37, Heft 1.$0(OLS)http://pul/title/1335 850 $aPUL 852 $aPUL$W1$xSL Religione 2$y84$mTheol A2 44.37,1$j82708$nBK-PRI$qStampati altre collocazioni$B82708$CPULBib$Z2$F82708 $H73086 $82 941 1 $a10 960 $aFilosofia medioevale$9139 961 $aINV: 73086 996 $6020$a3402031671$9(OLS)http://pul/number/82759 996 $6245$aDer Sentenzenkommentar des Kardinals Stephan Langton$9(OLS)http://pul/title/26541 996 $6260$aMünster :$bAschendorff$9(OLS)http://pul/publisher/48290